| 000 | 01336 a2200301 4500 | ||
|---|---|---|---|
| 003 | Nust | ||
| 005 | 20170207164553.0 | ||
| 020 | _a1-59140-353-7 | ||
| 020 | _a1-59140-353-7 | ||
| 020 | _a1591403537 (ebook) | ||
| 035 | _a(CaPaEBR)ebr10080039 | ||
| 035 | _a(EBZ)ebs306868e | ||
| 035 | _a(WaSeSS)ssj0000118474 | ||
| 040 | _cNust | ||
| 082 | 0 | 4 | _a658.4/038 |
| 245 | 0 | 0 |
_aCase studies in knowledge management (E BOOK) _h[Elektronisk resurs] _cMurray Jennex, editor. |
| 260 |
_aHershey PA : _bIdea Group Pub., _cc2005. |
||
| 300 | _axii, 372 p. | ||
| 650 | 0 |
_aInformation technology _xManagement. |
|
| 650 | 0 | _aKnowledge management | |
| 655 | 7 | _aElectronic books. | |
| 700 | 1 |
_aJennex, Murray E., _d1956- |
|
| 710 | 2 | _aebrary, Inc. | |
| 856 | 4 | 0 | _uhttp://link.sub.su.se/sfxsub?url_ver=Z39.88-2004&ctx_ver=Z39.88-2004&ctx_enc=info:ofi/enc:UTF-8&rfr_id=info:sid/sfxit.com:opac_856&url_ctx_fmt=info:ofi/fmt:kev:mtx:ctx&sfx.ignore_date_threshold=1&rft.object_id=1000000000210077&svc_val_fmt=info:ofi/fmt:kev:mtx:sch_svc& |
| 856 | 4 | 0 | _uhttp://proxy.lib.chalmers.se/login?url=http://library.books24x7.com/library.asp?^B&bookid=10834 |
| 856 | 4 | 0 | _uhttps://libraryproxy.his.se/login?url=http://site.ebrary.com/lib/hiskovde/Doc?id=10080039 |
| 856 | 4 | 0 | _uhttps://lt.ltag.bibl.liu.se/login?url=http://www.books24x7.com/marc.asp?bookid=10834 |
| 942 |
_2ddc _cBK |
||
| 999 |
_c209365 _d209365 |
||